| 000 | 00401nam a2200157Ia 4500 | ||
|---|---|---|---|
| 008 | 160316s1985 xxu||||| |||| 00| 0 eng d | ||
| 082 |
_a0.000000 _b |
||
| 100 | _a | ||
| 245 | _aEuropean convention for the protection of animals kept for farming purposes : No 87 | ||
| 250 | _a | ||
| 260 |
_aStrasbourg _bCouncil of Europe _c1985 |
||
| 300 |
_a10p _b _c |
||
| 365 | _b | ||
| 650 | _a | ||
| 700 |
_a _a |
||
| 999 |
_c18654 _d18654 |
||